| 000 | 01377nam a2200217 a 4500 | ||
|---|---|---|---|
| 008 | 120416s1967 ||||||||||||||||| || u | ||
| 050 | _aTP 270 Urb | ||
| 100 | _aUrbanski, Tadeusz | ||
| 245 | 1 | 0 | _aChemistry and technology of explosives, vols 1 to 4 |
| 260 |
_aOxford _bPergamon _c1967 |
||
| 300 | _aii, 544p. : ill. | ||
| 350 | _a0.00 | ||
| 700 | _aLaverton, Sylvia | ||
| 700 | _aJeczalikowa, Irena | ||
| 995 |
_aANNEX COLLECTION (Main Library) _D0.00 _e714272 _FCBU-MAIN LIBRARY (Kitwe) _H2 _I110.00 _jTP 270 Urb _M1 _UAVAILABLE _y016935 _ZAnnex Low-Usage Collection |
||
| 995 |
_aANNEX COLLECTION (Main Library) _D0.00 _e714271 _FCBU-MAIN LIBRARY (Kitwe) _H3 _I110.00 _jTP 270 Urb _M3 _UAVAILABLE _y016937 _ZAnnex Low-Usage Collection |
||
| 995 |
_aTEXTBOOKS (MIN.ENG.) _D0.00 _e03197 _FCBU-SCHOOL TEXTBOOK COLLECTIONS _H1 _I0.00 _jSCHOOL TEXTBOOK _M6 _UAVAILABLE _WAug 11, 2009 _y03197 _ZSchool Collections |
||
| 995 |
_aMAIN LIBRARY OPEN ACCESS _D0.00 _e714272 _FCBU-MAIN LIBRARY (Kitwe) _H4 _I110.00 _jTP 270 Urb _M4 _UAVAILABLE _y016938 _ZMain Library Open Access Collection |
||
| 995 |
_aTEXTBOOKS (MIN.ENG.) _D0.00 _e03196 _FCBU-SCHOOL TEXTBOOK COLLECTIONS _H1 _I0.00 _jSCHOOL TEXTBOOK _M5 _UAVAILABLE _WAug 11, 2009 _y03196 _ZSchool Collections |
||
| 995 |
_aANNEX COLLECTION (Main Library) _D0.00 _e714270 _FCBU-MAIN LIBRARY (Kitwe) _H1 _I110.00 _jTP 270 Urb _M2 _UAVAILABLE _y016936 _ZAnnex Low-Usage Collection |
||
| 999 |
_c78196 _d78196 |
||